[Event "Gyor op-A 7th"]
[Site "Gyor"]
[Date "2016.07.10"]
[Round "9"]
[White "Meszaros, Edmond Vilmos"]
[Black "Kurcsics, Erika"]
[Result "1/2-1/2"]
[WhiteElo "1811"]
[BlackElo "1929"]
[PlyCount "27"]
[EventDate "2016.07.06"]
[EventType "swiss"]
[EventRounds "9"]
[EventCountry "HUN"]
[SourceTitle "EXT 2017"]
[Source "ChessBase"]
[SourceDate "2016.10.25"]
[SourceVersion "1"]
[SourceVersionDate "2016.10.25"]
[SourceQuality "1"]

1. Nf3 c5 2. c4 g6 3. Nc3 Bg7 4. e3 Nf6 5. d4 cxd4 6. exd4 d5 7. c5 0-0 8. Be2 Nc6 9. Bf4 Bg4 10. h3 Bxf3 11. Bxf3 e6 12. 0-0 Nd7 13. Bd6 Ne7 14. Nb5 1/2-1/2

[Event "HUN-chT2 Szechenyi 1516"]
[Site "Hungary"]
[Date "2016.03.20"]
[Round "9.11"]
[White "Meszaros, Edmond Vilmos"]
[Black "Ruszin, Dorottya"]
[Result "0-1"]
[WhiteElo "1820"]
[BlackElo "1294"]
[PlyCount "106"]
[EventDate "2015.09.13"]
[EventType "team-tourn"]
[EventRounds "11"]
[EventCountry "HUN"]
[SourceTitle "EXT 2017"]
[Source "ChessBase"]
[SourceDate "2016.10.25"]
[SourceVersion "1"]
[SourceVersionDate "2016.10.25"]
[SourceQuality "1"]
[WhiteTeam "Gyor Elektromos"]
[BlackTeam "Zala Volan"]
[WhiteTeamCountry "HUN"]
[BlackTeamCountry "HUN"]

1. Nf3 Nc6 2. d4 d5 3. Bf4 Bf5 4. e3 e6 5. Bb5 Nge7 6. Nbd2 a6 7. Bxc6+ Nxc6 8. a3 Be7 9. 0-0 0-0 10. Rc1 Qd7 11. c4 Bd3 12. Re1 dxc4 13. Nxc4 Bxc4 14. Rxc4 Qd5 15. Qd3 Bd6 16. Ng5 g6 17. Bxd6 cxd6 18. Nf3 Ne5 19. Nxe5 dxe5 20. Rc5 Qd6 21. Rxe5 Rac8 22. Qe4 Qb6 23. h3 Qxb2 24. Rb1 Rc1+ 25. Rxc1 Qxc1+ 26. Kh2 Qb2 27. Kg3 b6 28. Qc6 Qxa3 29. Qxb6 Qe7 30. Qxa6 Rd8 31. Qc6 Qf6 32. Qf3 Qg7 33. Rc5 h5 34. Qe4 Qf8 35. Qe5 Rd6 36. Qf6 Qb8 37. Qf4 Qd8 38. Qg5 Qb8 39. Qf4 Qd8 40. Qh6 Rb6 41. h4 Rb1 42. Qg5 Qd6+ 43. Qe5 Qd8 44. Rc7 Rh1 45. Qf4 Qe8 46. Qf6 Rb1 47. Re7 Qb8+ 48. f4 Qf8 49. Rd7 Rb8 50. Kf3 Qe8 51. Rc7 Rb3 52. Ke4 Qa8+ 53. Ke5 Qd5# 0-1

[Event "Tatabanya Regional-ch"]
[Site "Tatabanya"]
[Date "2014.12.28"]
[Round "3"]
[White "Nemeth, Zoltan"]
[Black "Meszaros, Edmond Vilmos"]
[Result "0-1"]
[WhiteElo "1420"]
[BlackElo "1722"]
[PlyCount "92"]
[EventDate "2014.12.27"]
[EventType "swiss"]
[EventRounds "7"]
[EventCountry "HUN"]
[SourceTitle "CBM 164 Extra"]
[Source "ChessBase"]
[SourceDate "2015.03.02"]
[SourceVersion "1"]
[SourceVersionDate "2015.03.02"]
[SourceQuality "1"]

1. e4 e6 2. d4 d5 3. exd5 exd5 4. Nf3 Nf6 5. c4 Be6 6. Bg5 Be7 7. Nc3 c6 8. Bxf6 Bxf6 9. cxd5 Bxd5 10. Nxd5 Qxd5 11. Be2 0-0 12. 0-0 Nd7 13. Qd3 Nb6 14. Bd1 c5 15. Bc2 g6 16. Rad1 cxd4 17. Nxd4 Rfd8 18. Nf3 Qxa2 19. Qb3 Qxb2 20. Rxd8+ Rxd8 21. Rd1 Rxd1+ 22. Bxd1 Qxb3 23. Bxb3 Kf8 24. Kf1 Ke7 25. Ke2 Nd7 26. g4 Ne5 27. Nxe5 Bxe5 28. h3 f6 29. Kd3 f5 30. f3 h6 31. Kc4 Kd6 32. Kb5 fxg4 33. hxg4 h5 34. gxh5 gxh5 35. Bd1 h4 36. f4 Bxf4 37. Bf3 Kc7 38. Bg4 a6+ 39. Kb4 b6 40. Bh3 Bd2+ 41. Kb3 Kc6 42. Bg4 Kc5 43. Kc2 Be1 44. Kb3 a5 45. Bh3 b5 46. Ka3 Kd4 0-1

[Event "HUN-chT2 Szechenyi 1415"]
[Site "Hungary"]
[Date "2014.11.30"]
[Round "5.12"]
[White "Meszaros, Edmond Vilmos"]
[Black "Balogh, Balint"]
[Result "1-0"]
[WhiteElo "1733"]
[BlackElo "1553"]
[PlyCount "75"]
[EventDate "2014.09.07"]
[EventType "team-tourn"]
[EventRounds "11"]
[EventCountry "HUN"]
[SourceTitle "EXT 2016"]
[Source "ChessBase"]
[SourceDate "2015.10.08"]
[SourceVersion "1"]
[SourceVersionDate "2015.10.08"]
[SourceQuality "1"]
[WhiteTeam "Kisber Aszar"]
[BlackTeam "Papa"]
[WhiteTeamCountry "HUN"]
[BlackTeamCountry "HUN"]

1. Nf3 Nf6 2. d4 d5 3. Bf4 Bf5 4. e3 c6 5. c4 Nbd7 6. Nc3 Ne4 7. Nxe4 Bxe4 8. Nd2 Bf5 9. Be2 Nf6 10. h3 h6 11. 0-0 e6 12. Qb3 Qb6 13. Qxb6 axb6 14. a3 Be7 15. Bc7 Bd8 16. Be5 0-0 17. cxd5 exd5 18. Bf3 Re8 19. Rac1 Re6 20. Rc3 Ne4 21. Bxe4 Bxe4 22. Nxe4 dxe4 23. Rfc1 b5 24. f3 f5 25. fxe4 fxe4 26. Rf1 Bf6 27. Bxf6 Rxf6 28. Rxf6 gxf6 29. Rc5 Rd8 30. Kf2 Rd5 31. Kg3 Rg5+ 32. Rxg5+ hxg5 33. Kg4 Kf7 34. Kf5 Ke7 35. Kxe4 Ke6 36. g4 Kd6 37. Kf5 Ke7 38. e4 1-0

[Event "HUN-chT2 Breyer 1112"]
[Site "Hungary"]
[Date "2012.05.20"]
[Round "11.5"]
[White "Meszaros, Edmond Vilmos"]
[Black "Papista, Akos"]
[Result "0-1"]
[WhiteElo "1653"]
[BlackElo "2161"]
[PlyCount "104"]
[EventDate "2011.09.25"]
[EventType "team-tourn"]
[EventRounds "11"]
[EventCountry "HUN"]
[SourceTitle "EXT 2013"]
[Source "ChessBase"]
[SourceDate "2012.11.22"]
[SourceVersion "1"]
[SourceVersionDate "2012.11.22"]
[SourceQuality "1"]
[WhiteTeam "Kisber Aszar"]
[BlackTeam "Biatorbagy"]
[WhiteTeamCountry "HUN"]
[BlackTeamCountry "HUN"]

1. Nf3 d5 2. d4 c6 3. Bf4 Qb6 4. Qc1 Bf5 5. Nc3 Nf6 6. e3 Nbd7 7. Bd3 Bg6 8. Bxg6 hxg6 9. Ne5 Nxe5 10. Bxe5 e6 11. Bxf6 gxf6 12. Ne2 Qa6 13. Qd2 Bd6 14. h3 g5 15. g3 0-0-0 16. a3 Rh6 17. 0-0-0 Rdh8 18. Ng1 b5 19. Qc3 b4 20. axb4 Qa1+ 21. Kd2 Qa4 22. b3 Qb5 23. Qb2 Bxb4+ 24. c3 Bd6 25. Rb1 a5 26. Qc2 Kd7 27. Qd3 Qb6 28. e4 dxe4 29. Qxe4 f5 30. Qd3 g4 31. h4 f4 32. Ne2 f3 33. Nc1 Bf8 34. Qc4 Rh5 35. Nd3 Bd6 36. Rhe1 Rb5 37. Re4 Rg8 38. b4 axb4 39. Nxb4 Bxb4 40. Rxb4 Rxb4 41. Qxb4 Qa7 42. Qc4 Qa3 43. Qd3 Rb8 44. Ke3 Rb3 45. Kf4 Rxc3 46. Qd2 f5 47. Re3 Qd6+ 48. Re5 Rc4 49. Ke3 Qa3+ 50. Kf4 Qf8 51. Ke3 Qh6+ 52. Kd3 Rxd4+ 0-1

[Event "HUN-chT2 Breyer 1112"]
[Site "Hungary"]
[Date "2011.11.27"]
[Round "4.8"]
[White "Meszaros, Edmond Vilmos"]
[Black "Kovacs, Imre"]
[Result "1/2-1/2"]
[WhiteElo "1664"]
[BlackElo "1893"]
[PlyCount "46"]
[EventDate "2011.09.25"]
[EventType "team-tourn"]
[EventRounds "11"]
[EventCountry "HUN"]
[SourceTitle "EXT 2013"]
[Source "ChessBase"]
[SourceDate "2012.11.22"]
[SourceVersion "1"]
[SourceVersionDate "2012.11.22"]
[SourceQuality "1"]
[WhiteTeam "Kisber Aszar"]
[BlackTeam "MAV Elore"]
[WhiteTeamCountry "HUN"]
[BlackTeamCountry "HUN"]

1. Nf3 Nf6 2. d4 e6 3. Bf4 d6 4. e3 Be7 5. Be2 Nbd7 6. c4 b6 7. Nc3 Bb7 8. 0-0 Nh5 9. Bg3 Nxg3 10. hxg3 Nf6 11. Qc2 0-0 12. Rad1 Qc8 13. e4 Nd7 14. Rfe1 Bf6 15. Bd3 g6 16. d5 Ne5 17. Nxe5 dxe5 18. Be2 exd5 19. Nxd5 Bxd5 20. cxd5 Rd8 21. Rc1 Bg5 22. Rcd1 Rd6 23. Qc3 a6 1/2-1/2

[Event "HUN-chT U18"]
[Site "Miskolc"]
[Date "2011.11.06"]
[Round "8.6"]
[White "Meszaros, Edmond Vilmos"]
[Black "Kocsis Deak, Titanilla"]
[Result "1/2-1/2"]
[WhiteElo "1664"]
[BlackElo "1456"]
[PlyCount "41"]
[EventDate "2011.11.02"]
[EventType "team-swiss"]
[EventRounds "8"]
[EventCountry "HUN"]
[SourceTitle "EXT 2012"]
[Source "ChessBase"]
[SourceDate "2011.11.24"]
[SourceVersion "1"]
[SourceVersionDate "2011.11.24"]
[SourceQuality "1"]
[WhiteTeam "Kisber Aszar"]
[BlackTeam "Veszprem"]
[WhiteTeamCountry "HUN"]
[BlackTeamCountry "HUN"]

1. Nf3 e6 2. d4 d5 3. Bf4 Nf6 4. e3 Nbd7 5. Bd3 c5 6. c4 Nb6 7. cxd5 Nbxd5 8. Bg3 Qa5+ 9. Qd2 Qxd2+ 10. Nbxd2 cxd4 11. Nxd4 Bb4 12. a3 Bxd2+ 13. Kxd2 0-0 14. Rac1 Re8 15. Nf3 Ng4 16. h3 Nh6 17. e4 Nb6 18. Rc7 Rd8 19. Rhc1 Nd7 20. Ke3 b6 21. b4 1/2-1/2

[Event "Lakitelek Magyarok op"]
[Site "Lakitelek"]
[Date "2011.08.08"]
[Round "3"]
[White "Kovacs, Milan"]
[Black "Meszaros, Edmond Vilmos"]
[Result "1/2-1/2"]
[WhiteElo "1829"]
[BlackElo "1664"]
[PlyCount "43"]
[EventDate "2011.08.06"]
[EventType "swiss"]
[EventRounds "9"]
[EventCountry "HUN"]
[SourceTitle "CBM 144 Extra"]
[Source "ChessBase"]
[SourceDate "2011.10.28"]
[SourceVersion "1"]
[SourceVersionDate "2011.10.28"]
[SourceQuality "1"]

1. e4 e6 2. d4 d5 3. exd5 exd5 4. Nf3 Nf6 5. c4 c5 6. Nc3 cxd4 7. Nxd4 Nc6 8. Nxc6 bxc6 9. Bg5 dxc4 10. Qxd8+ Kxd8 11. Bxc4 Be6 12. Bxe6 fxe6 13. 0-0-0+ Kc7 14. Rhe1 Re8 15. Rd2 Bb4 16. Rde2 Bxc3 17. bxc3 Kd7 18. Rd1+ Ke7 19. Rde1 Kf7 20. Bxf6 Kxf6 21. Kc2 a6 22. f3 1/2-1/2

[Event "Gyor op 2nd"]
[Site "Gyor"]
[Date "2011.07.13"]
[Round "1"]
[White "Meszaros, Edmond Vilmos"]
[Black "Molnar, Emil"]
[Result "0-1"]
[WhiteElo "1664"]
[BlackElo "2095"]
[PlyCount "74"]
[EventDate "2011.07.13"]
[EventType "swiss"]
[EventRounds "9"]
[EventCountry "HUN"]
[SourceTitle "EXT 2017"]
[Source "ChessBase"]
[SourceDate "2016.10.25"]
[SourceVersion "1"]
[SourceVersionDate "2016.10.25"]
[SourceQuality "1"]

1. Nf3 c5 2. Nc3 d5 3. d4 Nf6 4. Bf4 Nc6 5. e3 a6 6. Be2 Bg4 7. h3 Bh5 8. 0-0 e6 9. Ne5 Bxe2 10. Nxe2 Nxe5 11. Bxe5 Nd7 12. Bh2 Be7 13. Qd2 0-0 14. Rad1 Qb6 15. c3 Rfd8 16. Rfe1 Bf6 17. Nc1 Qa5 18. b4 cxb4 19. cxb4 Qb5 20. Nb3 Nb6 21. Nc5 Nc4 22. Qc3 a5 23. Rb1 axb4 24. Qxb4 Qxb4 25. Rxb4 b6 26. Na4 Be7 27. Reb1 Bxb4 28. Rxb4 Ra6 29. Bc7 Rc8 30. Bf4 Rca8 31. Nc3 Ra3 32. Ne2 Rxa2 33. Ng3 Rb2 34. Rxb2 Nxb2 35. Kf1 b5 36. Bd6 Nc4 37. Bc5 Ra4 0-1